La porta stretta ; L'immoralista /

Đã lưu trong:
Chi tiết về thư mục
Tác giả chính: Gide, André (Tác giả)
Định dạng: Sách
Ngôn ngữ:Tiếng Italy
Được phát hành: Milano : Garzanti, 1982
Phiên bản:5. ed
Loạt:I grandi libri Garzanti ; 26
Các nhãn: Thêm thẻ
Không có thẻ, Là người đầu tiên thẻ bản ghi này!

MARC

LEADER 00000nam a22000001i 4500
001 IT\ICCU\MOD\0295635
003 ItRI
005 20241227132740.0
008 010330s1978 it |||||| ||||| |||||c
040 |b ita  |c ARCIGAY RIMINI 
041 7 |a ita  |2 ISO-639-2 
100 1 |a Gide, André  |0 IT\ICCU\CFIV\013440  |4 aut 
240 1 3 |a La porte étroite  |9 Gide, André 
240 1 2 |a L'immoraliste  |9 Gide, André 
245 1 3 |a La porta stretta ; L'immoralista /  |c Andre Gide. 
250 |a 5. ed 
260 |a Milano :  |b Garzanti,  |c 1982 
300 |a XVII, 251 p. :  |b 1 ritr. ;  |c 18 cm. 
777 1 |w IT\ICCU\CFI\0087712  |t L'immoralista. -  |a Gide, André 
830 2 |a I grandi libri Garzanti ;  |v 26  |0 IT\ICCU\CFI\0000048 
942 |2 ddc  |c BK 
952 |0 0  |1 0  |2 ddc  |4 0  |6 843_000000000000000_GID_LAP_IMM  |7 1  |9 2435  |a RN  |b RN  |d 2024-12-27  |l 0  |o 843 GID LAP IMM  |p 9888  |r 2024-12-27 13:28:35  |w 2024-12-27  |y BK 
952 |0 0  |1 0  |2 ddc  |4 0  |6 P__36_000000000000000  |7 0  |9 9804  |a VT  |b VT  |d 2025-10-21  |e Deposito Giordano Piccirilli  |i PIC7  |l 0  |o P.36  |p PIC7  |r 2025-10-21 18:03:11  |w 2025-10-21  |y BK  |z Deposito Giordano Piccirilli 
981 1 |6 z01  |a i   |b xxxe  
982 1 |6 z01  |a n 
999 |c 2125  |d 2125